《消防车》/ (Record no. 10022)
[ view plain ]
| 000 -LEADER | |
|---|---|
| fixed length control field | 01019nam a22001937a 4500 |
| 001 - CONTROL NUMBER | |
| control field | 10022 |
| 003 - CONTROL NUMBER IDENTIFIER | |
| control field | FISKH |
| 005 - DATE AND TIME OF LATEST TRANSACTION | |
| control field | 20260401112855.0 |
| 008 - FIXED-LENGTH DATA ELEMENTS--GENERAL INFORMATION | |
| fixed length control field | 260330b cb ||||| |||| 00| 0 eng d |
| 020 ## - INTERNATIONAL STANDARD BOOK NUMBER | |
| International Standard Book Number | 9787517605683 |
| 040 ## - CATALOGING SOURCE | |
| Original cataloging agency | FISKH |
| Language of cataloging | chi |
| Transcribing agency | FISKH |
| Modifying agency | FISKH |
| 082 ## - DEWEY DECIMAL CLASSIFICATION NUMBER | |
| Classification number | 628.925 |
| 100 ## - MAIN ENTRY--PERSONAL NAME | |
| Personal name | 娜塔莉·马歇尔 |
| 245 ## - TITLE STATEMENT | |
| Title | 《消防车》/ |
| Statement of responsibility, etc. | 娜塔莉·马歇尔 |
| 300 ## - PHYSICAL DESCRIPTION | |
| Extent | 10 unnumbered pages : |
| Other physical details | color illustrations ; |
| Dimensions | 15 cm . |
| 520 ## - SUMMARY, ETC. | |
| Summary, etc. | 本书是“忙忙碌碌的救援系列”中的一本儿童绘本,主要介绍消防车以及消防员的工作。通过生动的图画和简单的文字,孩子可以了解消防车的功能、救火过程以及在紧急情况下如何帮助人们。<br/><br/>书中通常会展示:<br/><br/>消防车的结构和装备<br/>消防员如何接到报警并出动<br/>灭火和救援的过程<br/>安全知识和基本常识<br/><br/>整体内容贴近生活,帮助儿童认识社会职业,同时培养安全意识和对他人的关爱。 |
| 942 ## - ADDED ENTRY ELEMENTS (KOHA) | |
| Source of classification or shelving scheme | Dewey Decimal Classification |
| Koha item type | Chinese Book |
| Suppress in OPAC | No |
| Withdrawn status | Lost status | Source of classification or shelving scheme | Damaged status | Not for loan | Collection | Home library | Current library | Shelving location | Date acquired | Total Checkouts | Full call number | Barcode | Date last seen | Price effective from | Koha item type |
|---|---|---|---|---|---|---|---|---|---|---|---|---|---|---|---|
| Dewey Decimal Classification | Reference | Footprints International School Library Network Toul Tom Poung Campus | Footprints International School Library Network Toul Tom Poung Campus | Librarian's Shelf TTP | 03/30/2026 | 娜塔莉·马歇尔 628.925 | 2026-0404 | 03/30/2026 | 03/30/2026 | Books |
